|
|
|
|
| LEADER |
00894nam a2200301 4500 |
| 001 |
DLU090069936 |
| 005 |
##20090521 |
| 040 |
# |
# |
|a DLU
|b eng
|
| 041 |
# |
# |
|a eng
|
| 044 |
# |
# |
|a US
|
| 100 |
# |
# |
|a Marshall, Ashley.
|
| 245 |
# |
# |
|a Reframing Charles Williams : Modernist doubt and the crisis of World War in All Hallows' Eve /
|c Ashley Marshall.
|
| 653 |
# |
# |
|a Christianity
|
| 653 |
# |
# |
|a Fantasy
|
| 653 |
# |
# |
|a Inklings
|
| 653 |
# |
# |
|a Modernism
|
| 653 |
# |
# |
|a Williams, Charles, 1886-1945
|
| 653 |
# |
# |
|a World War, 1939-1945
|
| 773 |
# |
# |
|t Journal of Modern Literature
|g Vol. 30, no. 2 (Winter 2007), p. 64-85
|
| 920 |
# |
# |
|a Phòng Tạp chí -- Trung tâm Thông tin - Thư viện Trường Đại học Đà Lạt
|
| 994 |
# |
# |
|a DLU
|
| 900 |
# |
# |
|a True
|
| 911 |
# |
# |
|a Trương Bảo Trâm Anh
|
| 925 |
# |
# |
|a G
|
| 926 |
# |
# |
|a A
|
| 927 |
# |
# |
|a BB
|
| 980 |
# |
# |
|a Thư viện Trường Đại học Đà Lạt
|